Návrh sústavy nástrojov personálneho riadenia na podporu výkonnosti zamestnancov nad 45 rokov v priemyselných podnikoch

Guardado en:
Detalles Bibliográficos
Autor principal: Spišáková, Alžbeta, 1988- (Autor)
Otros Autores: Chlpeková, Andrea, 1969- (Orientador)
Formato: Manuscrito Libro
Lenguaje:eslovaco
Publicado: 2018
Materias:
Acceso en línea:http://is.stuba.sk/zp/portal_zp.pl?podrobnosti=132536
Etiquetas: Agregar Etiqueta
Sin Etiquetas, Sea el primero en etiquetar este registro!

MARC

LEADER 00000ntm a22000003a 4500
001 stuzp56999
003 SK-STU
005 20181118233634.6
007 ta
008 150427s2015----xo-----f-mn---000-0-slo-d
035 |a 69799 
035 |a biblio/69799  |2 CREPC2 
040 |a STU  |b slo 
041 0 |a slo 
044 |a xo 
100 1 |a Spišáková, Alžbeta,  |d 1988-  |u 064000  |4 aut  |9 100  |U MTF Materiálovotechnologická fakulta  |T MTF Ústav priemyselného inžinierstva a manažmentu  |X 69442  |U M4000  |Y 84  |7 A000069442 
242 0 1 |a Proposal of a System of Personnel Management Tools to support Employee performance over 45 years in Industrial Enterprises.  |y eng 
245 1 0 |a Návrh sústavy nástrojov personálneho riadenia na podporu výkonnosti zamestnancov nad 45 rokov v priemyselných podnikoch 
260 |c 2018 
300 |a 149 s.+príl.  |e 1 CD-ROM, autoreferát 
650 4 |a zamestnanec nad 45 rokov  |2 slo 
650 4 |a vekový manažment  |2 slo 
650 4 |a výkonnosť  |2 slo 
650 4 |a nástroje personálneho riadenia  |2 slo 
650 4 |a performance  |2 eng 
650 4 |a employee over 45 years  |2 eng 
650 4 |a personnel management tools  |2 eng 
650 4 |a age management  |2 eng 
700 1 |a Chlpeková, Andrea,  |d 1969-  |u 064000  |k Z1  |4 ths  |U MTF Materiálovotechnologická fakulta  |T MTF Ústav priemyselného inžinierstva a manažmentu  |X 237  |U M4000  |Y 84  |7 A000000237 
856 4 |u http://is.stuba.sk/zp/portal_zp.pl?podrobnosti=132536 
996 |c M* DzP-644  |l MMSKP  |s P  |a 0  |w stuzp56999_0001